Normal view MARC view
  • Visual communication

Entry Topical Term

Number of records used in: 5

001 - CONTROL NUMBER

  • control field: 37792

003 - CONTROL NUMBER IDENTIFIER

  • control field: OSt

005 - DATE AND TIME OF LATEST TRANSACTION

  • control field: 20150430130842.0

008 - FIXED-LENGTH DATA ELEMENTS

  • fixed length control field: 150430|| aca||babn | a|a d

040 ## - CATALOGING SOURCE

  • Original cataloging agency: OSt

150 ## - HEADING--TOPICAL TERM

  • Topical term or geographic name as entry element: Visual communication

450 ## - SEE FROM TRACING--TOPICAL TERM

  • Topical term or geographic name entry element: Graphic communication

450 ## - SEE FROM TRACING--TOPICAL TERM

  • Topical term or geographic name entry element: Imaginal communication

450 ## - SEE FROM TRACING--TOPICAL TERM

  • Topical term or geographic name entry element: Pictorial communication

550 ## - SEE ALSO FROM TRACING--TOPICAL TERM

  • Control subfield: g
  • Topical term or geographic name entry element: Communication